[Event "CPA 2018 Zevio"]
[Site "?"]
[Date "2018.01.26"]
[Round "1.2"]
[White "Pieropan, Giorgio"]
[Black "Carli, Carlo"]
[Result "0-1"]
[WhiteElo "1851"]
[BlackElo "2060"]
[PlyCount "80"]
[EventDate "2018.??.??"]

1. e4 e5 2. Nf3 Nc6 3. d4 d6 4. Bc4 Be7 5. h3 Nf6 6. Nc3 O-O 7. Be3 a6 8. a4
exd4 9. Nxd4 Bd7 10. O-O Nxd4 11. Bxd4 Bc6 12. Re1 Nd7 13. f4 Re8 14. e5 dxe5
15. fxe5 Bc5 16. e6 fxe6 17. Bxe6+ Kh8 18. Bxc5 Nxc5 19. Bg4 Qf6 20. Rf1 Qe5
21. Qd2 Rad8 22. Qf2 h5 23. Rae1 Qg5 24. Rxe8+ Rxe8 25. Bf3 Rf8 26. Qe2 Re8 27.
Qf2 Bxf3 28. Qxf3 Re5 29. Qf4 Qxf4 30. Rxf4 Kg8 31. Kf2 g6 32. b4 Ne6 33. Re4
Rf5+ 34. Ke3 Kf7 35. Ne2 Rf1 36. Kd3 a5 37. Kc3 axb4+ 38. Rxb4 b6 39. Kc4 Rf2
40. Nd4 c5 0-1

[Event "CPA 2018 Zevio"]
[Site "?"]
[Date "2018.01.26"]
[Round "1.4"]
[White "Adami, Antonio"]
[Black "Garonzi, Martino"]
[Result "0-1"]
[WhiteElo "1790"]
[BlackElo "2023"]
[PlyCount "104"]
[EventDate "2018.??.??"]

1. d4 Nf6 2. Bf4 g6 3. Nc3 d5 4. e3 c6 5. Bd3 Bg7 6. Nf3 Nh5 7. Be5 f6 8. Bg3
e5 9. dxe5 Nxg3 10. exf6 Nxh1 11. fxg7 Rg8 12. Qe2 Rxg7 13. O-O-O Bg4 14. Rxh1
Nd7 15. e4 d4 16. Nb1 Qa5 17. Na3 O-O-O 18. h3 Bxf3 19. Qxf3 Qg5+ 20. Kd1 Rf8
21. Qg3 Qxg3 22. fxg3 Ne5 23. Rf1 Rxf1+ 24. Bxf1 Rf7 25. Ke1 Kc7 26. Be2 a6 27.
Nb1 c5 28. Nd2 b5 29. a3 Kd6 30. Nb3 Nc6 31. Nd2 Re7 32. Bf3 Ne5 33. Ke2 Nc4
34. Nxc4+ bxc4 35. Kd2 Ke5 36. Kd1 Rb7 37. Kc1 a5 38. Be2 c3 39. bxc3 dxc3 40.
Bf3 Rb2 41. Kd1 Kd4 42. Kc1 h6 43. h4 g5 44. hxg5 hxg5 45. g4 Rb7 46. e5 Re7
47. a4 Rxe5 48. Kd1 Ke3 49. Ke1 Re6 50. Bd5 Rh6 51. g3 Rh2 52. Kd1 Rd2+ 0-1

[Event "CPA 2018 Zevio"]
[Site "?"]
[Date "2018.01.26"]
[Round "1.5"]
[White "Zenari, Marco"]
[Black "Bonavigo, Claudio"]
[Result "1-0"]
[WhiteElo "2019"]
[BlackElo "1764"]
[PlyCount "87"]
[EventDate "2018.??.??"]

1. e4 d6 2. d4 Nf6 3. Nc3 c6 4. Nf3 Bg4 5. h3 Bxf3 6. Qxf3 e5 7. Be3 Nbd7 8.
dxe5 dxe5 9. Bc4 Be7 10. a4 Qa5 11. O-O O-O 12. Ne2 Nc5 13. Ng3 Ne6 14. c3 g6
15. Bh6 Rfe8 16. h4 Nf4 17. Bxf4 exf4 18. Qxf4 Rf8 19. b4 Qd8 20. h5 Qb8 21.
Qxb8 Raxb8 22. hxg6 hxg6 23. Rfd1 Rbd8 24. Kf1 Ng4 25. Ke2 Ne5 26. Bb3 Rxd1 27.
Rxd1 Rd8 28. Rxd8+ Bxd8 29. f4 Ng4 30. e5 Kf8 31. Ne4 Be7 32. Kf3 Nh6 33. g4 b6
34. b5 c5 35. Nd2 f5 36. exf6 Bxf6 37. g5 Bxc3 38. Ne4 Nf5 39. Nxc3 Nd4+ 40.
Ke4 Nxb3 41. Ke5 Nd4 42. Kf6 Nf3 43. Kxg6 Nh4+ 44. Kf6 1-0

[Event "CPA 2018 Zevio"]
[Site "?"]
[Date "2018.01.26"]
[Round "1.6"]
[White "Magnabosco, Mauro Denis"]
[Black "Marin, Alessandro"]
[Result "1/2-1/2"]
[WhiteElo "1745"]
[BlackElo "1999"]
[PlyCount "152"]
[EventDate "2018.??.??"]

1. c4 Nf6 2. Nc3 e5 3. g3 Bb4 4. Bg2 O-O 5. Nf3 Re8 6. O-O e4 7. Ne1 c6 8. Nc2
Ba5 9. b4 Bc7 10. d3 exd3 11. exd3 d5 12. Bb2 Bg4 13. f3 Be6 14. c5 Nbd7 15.
Nd4 Nf8 16. Nxe6 Nxe6 17. d4 Re7 18. Qd2 Qe8 19. Rae1 Qd7 20. Bh3 Rae8 21. Nd1
h6 22. Bc3 Qd8 23. Bg2 Ng5 24. Nf2 Qd7 25. Qd1 Qf5 26. Qd3 Qxd3 27. Nxd3 Re3
28. Rd1 Re2 29. Rf2 Nd7 30. Kf1 R2e3 31. Bb2 a5 32. Bc1 R3e7 33. Bxg5 hxg5 34.
a3 axb4 35. axb4 Ra8 36. Re2 Rxe2 37. Kxe2 Ra2+ 38. Rd2 Ra3 39. Bh3 Nf8 40. Bc8
b6 41. Bb7 bxc5 42. dxc5 Ne6 43. Ke3 Nd8 44. Bc8 g6 45. Bh3 f5 46. Ke2 Ne6 47.
Ke3 Kg7 48. Bg2 Kf6 49. Ke2 Nd4+ 50. Kf2 Ne6 51. Ke2 Be5 52. Nxe5 Kxe5 53. Rb2
Nd4+ 54. Kf2 Rb3 55. Rxb3 Nxb3 56. Ke3 f4+ 57. gxf4+ gxf4+ 58. Kd3 Nd4 59. h4
Nf5 60. Bh3 Nxh4 61. Bg4 g5 62. Ke2 Kd4 63. Bd7 Kc4 64. Bxc6 d4 65. Be4 Kb5 66.
c6 Kb6 67. b5 Ng2 68. Kd3 Ne3 69. Kxd4 g4 70. fxg4 Nxg4 71. Kd5 Nf6+ 72. Ke5
Ne8 73. Kxf4 Kxb5 74. Ke5 Kb6 75. Ke6 Kc7 76. Bh1 Nd6 1/2-1/2

[Event "CPA 2018 Zevio"]
[Site "?"]
[Date "2018.01.26"]
[Round "1.7"]
[White "Goldoni, Claudio"]
[Black "Gneo, Marco"]
[Result "1-0"]
[WhiteElo "1984"]
[BlackElo "1700"]
[PlyCount "80"]
[EventDate "2018.??.??"]

1. e4 c5 2. Nf3 e6 3. c4 Nc6 4. Nc3 a6 5. d4 cxd4 6. Nxd4 Bb4 7. Nxc6 dxc6 8.
Qc2 e5 9. Be2 Nf6 10. O-O O-O 11. f3 Bc5+ 12. Kh1 Nh5 13. g3 Qd7 14. g4 Nf4 15.
Na4 Bd4 16. Rd1 Nxe2 17. Qxe2 Qe7 18. Be3 Bxe3 19. Qxe3 Be6 20. b3 Rad8 21. Qb6
Qf6 22. Kg2 h5 23. h3 hxg4 24. hxg4 Rxd1 25. Rxd1 Qf4 26. Rd8 Rxd8 27. Qxd8+
Kh7 28. Nc5 Qe3 29. Qh4+ Kg8 30. Nxb7 a5 31. Qd8+ Kh7 32. Qxa5 Qe2+ 33. Kg3 Bc8
34. Nd8 Bd7 35. Qc3 Qxa2 36. Qd3 Qa7 37. Kg2 Kg8 38. Qd6 Qe3 39. Qd1 g5 40. Nb7
Kg7 1-0

[Event "CPA 2018 Zevio"]
[Site "?"]
[Date "2018.01.26"]
[Round "1.8"]
[White "Passon, Stefano"]
[Black "Bertani, Gianfranco"]
[Result "1-0"]
[WhiteElo "1689"]
[BlackElo "1982"]
[PlyCount "89"]
[EventDate "2018.??.??"]

1. d4 d5 2. Nf3 e6 3. e3 Bd6 4. Bd3 Nd7 5. O-O f5 6. c4 c6 7. cxd5 cxd5 8. b3
Qe7 9. a4 Ngf6 10. Ba3 O-O 11. Bxd6 Qxd6 12. Nc3 a6 13. a5 Ne4 14. Qc2 Ndf6 15.
Na4 Bd7 16. Nb6 Rad8 17. Ne5 Bb5 18. Bxb5 axb5 19. Rfc1 b4 20. Qc7 Nd2 21. Qxd6
Rxd6 22. Rc7 Nxb3 23. Rb1 Nxa5 24. Rxb4 Ne8 25. Rc8 Nc6 26. Rb1 Nf6 27. Rc7 f4
28. Rxb7 fxe3 29. fxe3 g5 30. Rc7 Na5 31. Nbd7 Nxd7 32. Nxd7 Ra8 33. Nf6+ Kf8
34. Rxh7 Rdd8 35. Rf1 Nc4 36. Nxd5+ Kg8 37. Nf6+ Kf8 38. Nh5+ Kg8 39. Rg7+ Kh8
40. Rff7 Ra1+ 41. Kf2 Ra2+ 42. Kg3 Rxg2+ 43. Kxg2 Nxe3+ 44. Kf3 g4+ 45. Kxe3
1-0

[Event "CPA 2018 Zevio"]
[Site "?"]
[Date "2018.01.26"]
[Round "1.9"]
[White "Oppici, Gabriele"]
[Black "Fiscato, Claudio"]
[Result "1-0"]
[WhiteElo "1964"]
[BlackElo "1678"]
[PlyCount "99"]
[EventDate "2018.??.??"]

1. Nf3 Nf6 2. d4 e6 3. Bf4 c5 4. e3 d5 5. c3 Qb6 6. Qc1 Nbd7 7. Nbd2 Bd6 8. Bg3
cxd4 9. exd4 Qc7 10. Be2 O-O 11. O-O Bxg3 12. hxg3 b6 13. Re1 Bb7 14. Bd3 Rac8
15. Qd1 Rfe8 16. Ne5 g6 17. Qe2 Nxe5 18. dxe5 Nd7 19. Bb5 Bc6 20. Bxc6 Qxc6 21.
Nf3 Qb7 22. Qe3 Kg7 23. Rad1 h6 24. Rd4 Rc4 25. Rxc4 dxc4 26. Nd2 Qd5 27. Qf4
b5 28. Re4 Qc5 29. Nf3 Nb6 30. Qf6+ Kg8 31. Rg4 Qe7 32. Qf4 Nd5 33. Qxh6 Qf8
34. Qd2 Qg7 35. Re4 Qf8 36. Nd4 a6 37. a3 Rc8 38. Rg4 Qg7 39. Qe2 Kf8 40. f4
Ne7 41. Qe4 Nd5 42. Qf3 Rd8 43. Qe2 Ke8 44. f5 exf5 45. Nxf5 Qf8 46. Nd6+ Kd7
47. Qf3 Nc7 48. Nxf7 Re8 49. Rd4+ Ke7 50. Qf6# 1-0

[Event "CPA 2018 Zevio"]
[Site "?"]
[Date "2018.01.26"]
[Round "1.10"]
[White "Tencheni, Maurizio"]
[Black "Bortolazzi, Michele"]
[Result "0-1"]
[WhiteElo "1664"]
[BlackElo "1922"]
[PlyCount "62"]
[EventDate "2018.??.??"]

1. c4 e5 2. e3 Nf6 3. b3 Nc6 4. Bb2 d5 5. cxd5 Nxd5 6. a3 Be7 7. Qc2 O-O 8. Nf3
Bf6 9. d3 Be6 10. Nbd2 Nde7 11. Be2 Bf5 12. O-O Qd7 13. Rfd1 Rfd8 14. Nc4 Qe6
15. Ne1 Rd7 16. Rac1 Rad8 17. Bc3 Nd5 18. Ba1 e4 19. d4 Be7 20. Qb2 Qh6 21. b4
b5 22. Ne5 Nxe5 23. dxe5 Qg5 24. Bxb5 Nxe3 25. Rxd7 Bxd7 26. Bxd7 Rxd7 27. Qe2
Nxg2 28. Qb5 Nxe1+ 29. Kf1 Qxc1 30. Qxd7 Nf3+ 31. Kg2 Qg1+ 0-1

[Event "CPA 2018 Zevio"]
[Site "?"]
[Date "2018.01.26"]
[Round "1.11"]
[White "Negro, Raffaele"]
[Black "Pisani, Valerio"]
[Result "0-1"]
[WhiteElo "1875"]
[BlackElo "1660"]
[PlyCount "96"]
[EventDate "2018.??.??"]

1. d4 Nf6 2. Bg5 e6 3. e4 Be7 4. e5 Nd5 5. Bxe7 Qxe7 6. c4 Qb4+ 7. Nd2 Nf4 8.
Rb1 d6 9. a3 Qb6 10. g3 Ng6 11. Ngf3 dxe5 12. dxe5 Nc6 13. Qe2 Qa5 14. Qe3
Ncxe5 15. b4 Nxf3+ 16. Nxf3 Qf5 17. Bd3 Qf6 18. O-O O-O 19. h4 h5 20. Rfd1 a5
21. b5 b6 22. Be4 Rb8 23. Qe2 Bb7 24. Bxb7 Rxb7 25. Ng5 Qf5 26. Qxh5 Ne5 27.
Qe2 Rbb8 28. Rb3 Rbd8 29. Rxd8 Rxd8 30. Re3 f6 31. Nf3 Nxf3+ 32. Rxf3 Qb1+ 33.
Kg2 e5 34. Re3 Rd1 35. f4 Qc1 36. fxe5 Rd2 37. e6 Rxe2+ 38. Rxe2 Qxc4 39. Kf3
Kf8 40. e7+ Ke8 41. Re4 Qxb5 42. Kf4 Qc5 43. Re3 g5+ 44. Kf3 Qf5+ 45. Ke2 gxh4
46. gxh4 Qg4+ 47. Kd3 Qxh4 48. Re4 Qg3+ 0-1

[Event "CPA 2018 Zevio"]
[Site "?"]
[Date "2018.01.26"]
[Round "1.12"]
[White "Nori, Marco"]
[Black "Fusa, Nicola"]
[Result "1/2-1/2"]
[WhiteElo "1503"]
[BlackElo "1647"]
[PlyCount "47"]
[EventDate "2018.??.??"]

1. c4 Nf6 2. Nc3 c5 3. d3 Nc6 4. Nf3 d6 5. g3 g6 6. Bg2 Bg7 7. O-O O-O 8. b3
Bd7 9. Bb2 a6 10. Rb1 Rb8 11. Nd5 e6 12. Bxf6 Bxf6 13. Nxf6+ Qxf6 14. Qd2 e5
15. Qh6 Qg7 16. Qxg7+ Kxg7 17. a3 a5 18. Nd2 f5 19. e3 Ne7 20. b4 axb4 21. axb4
b5 22. bxc5 dxc5 23. Nb3 Rfc8 24. Rfc1 1/2-1/2

[Event "CPA 2018 Zevio"]
[Site "?"]
[Date "2018.01.26"]
[Round "1.13"]
[White "Benedetti, Maurizio"]
[Black "Trigili, Franco"]
[Result "0-1"]
[WhiteElo "1644"]
[BlackElo "1497"]
[PlyCount "88"]
[EventDate "2018.??.??"]

1. e4 b6 2. d4 Bb7 3. Bd3 e6 4. Nf3 Be7 5. O-O c5 6. c3 d6 7. Re1 g5 8. dxc5
bxc5 9. Qb3 Bc6 10. Na3 g4 11. Nd2 Nd7 12. Nf1 h5 13. Bb5 Rb8 14. Qc4 Ne5 15.
Qe2 Bxb5 16. Nxb5 Qb6 17. Na3 Nf6 18. Be3 Nxe4 19. Bf4 f5 20. Bxe5 dxe5 21. Nc4
Qc7 22. f3 gxf3 23. Qxf3 h4 24. Rad1 Rd8 25. Rxd8+ Bxd8 26. Nfd2 Nxd2 27. Nxd2
e4 28. Qe2 Bg5 29. Qb5+ Ke7 30. Nb3 Rd8 31. Qe2 a5 32. a4 Rd3 33. Qh5 Kf6 34.
Qh8+ Kg6 35. Qg8+ Kf6 36. Qh8+ Kg6 37. Qg8+ Kf6 38. Qh8+ Kg6 39. Qg8+ Kh5 40.
Qxe6 Qf4 41. Qe8+ Kg4 42. Nxc5 Rd2 43. h3+ Kg3 44. Nxe4+ fxe4 0-1

[Event "CPA 2018 Zevio"]
[Site "?"]
[Date "2018.01.26"]
[Round "1.14"]
[White "Biasiolo, Michele"]
[Black "Kapllani, Shpetim"]
[Result "0-1"]
[WhiteElo "1481"]
[BlackElo "1631"]
[PlyCount "56"]
[EventDate "2018.??.??"]

1. e4 c6 2. d4 d5 3. Nc3 e6 4. e5 Qb6 5. b3 Bd7 6. Nf3 Ne7 7. Na4 Qc7 8. c4 Ng6
9. Bd2 b6 10. Be2 c5 11. Be3 Bxa4 12. bxa4 Nc6 13. cxd5 exd5 14. Bb5 a6 15.
Bxc6+ Qxc6 16. O-O c4 17. Qc2 b5 18. axb5 axb5 19. Nd2 Be7 20. f4 Ra3 21. Rf3
Qb6 22. g3 O-O 23. Nb1 Rd3 24. f5 Nxe5 25. dxe5 Rxe3 26. Kg2 Rxe5 27. Nc3 Bf6
28. Rb1 b4 0-1

[Event "CPA 2018 Zevio"]
[Site "?"]
[Date "2018.01.26"]
[Round "1.15"]
[White "Di Giovanni, Giuseppe"]
[Black "Casarotto, Michele"]
[Result "0-1"]
[WhiteElo "1610"]
[BlackElo "1449"]
[PlyCount "76"]
[EventDate "2018.??.??"]

1. c4 e6 2. g3 Nf6 3. Bg2 d5 4. Nf3 d4 5. d3 Be7 6. a3 O-O 7. b4 c5 8. Qb3 Nc6
9. Bd2 cxb4 10. axb4 Bd7 11. Na3 Qb6 12. Nc2 e5 13. O-O Bg4 14. h3 Bxf3 15.
Bxf3 Rfe8 16. Rfb1 Nd8 17. b5 Ne6 18. Ba5 Nc5 19. Bxb6 Nxb3 20. Rxb3 axb6 21.
Rba3 Rxa3 22. Rxa3 Bxa3 23. Nxa3 e4 24. dxe4 Nxe4 25. Nc2 Ng5 26. Bxb7 Rxe2 27.
Nxd4 Rd2 28. Nf5 Nxh3+ 29. Kg2 Nxf2 30. Ne7+ Kf8 31. Nd5 Ne4+ 32. Kh3 Nd6 33.
Bc6 Nxc4 34. Nf4 Ne5 35. Bb7 Nc4 36. Bd5 Ne5 37. Be4 Rd6 38. g4 Rd4 0-1

[Event "CPA 2018 Zevio"]
[Site "?"]
[Date "2018.01.26"]
[Round "1.16"]
[White "Pompele, Andrea"]
[Black "Jirillo, Antonio"]
[Result "1-0"]
[WhiteElo "1447"]
[BlackElo "1609"]
[PlyCount "91"]
[EventDate "2018.??.??"]

1. e4 b6 2. d4 Bb7 3. Nc3 e6 4. a3 g6 5. Nf3 Bg7 6. Be3 d6 7. Be2 Nd7 8. Qd2
Ne7 9. Bh6 O-O 10. Bxg7 Kxg7 11. h4 Nf6 12. Qf4 Nh5 13. Qe3 d5 14. g4 Nf6 15.
Nd2 dxe4 16. Rg1 Ned5 17. Nxd5 Nxd5 18. Qxe4 Rb8 19. Qe5+ Qf6 20. O-O-O Qxe5
21. dxe5 Nf4 22. Rde1 Nh3 23. Rg3 Nxf2 24. Rf1 Ne4 25. Nxe4 Bxe4 26. Bf3 Bxf3
27. Rgxf3 Rbd8 28. h5 c5 29. h6+ Kg8 30. Rd1 Rxd1+ 31. Kxd1 Rd8+ 32. Rd3 Rxd3+
33. cxd3 f5 34. exf6 g5 35. Ke2 Kf7 36. Ke3 Kxf6 37. Ke4 a5 38. a4 Kg6 39. Ke5
Kxh6 40. Kf6 e5 41. b3 c4 42. bxc4 b5 43. c5 e4 44. c6 exd3 45. c7 d2 46. c8=Q
1-0

[Event "CPA 2018 Zevio"]
[Site "?"]
[Date "2018.01.26"]
[Round "1.17"]
[White "Bartiromo, Gerardo"]
[Black "Carraroli, Damiano"]
[Result "1/2-1/2"]
[WhiteElo "1605"]
[BlackElo "1440"]
[PlyCount "120"]
[EventDate "2018.??.??"]

1. e4 d5 2. exd5 Nf6 3. c4 c6 4. dxc6 Nxc6 5. d3 e5 6. Nc3 h6 7. Nf3 Bf5 8. Be2
Qd7 9. O-O Rd8 10. Ne4 Bxe4 11. dxe4 Qxd1 12. Rxd1 Rxd1+ 13. Bxd1 Bc5 14. Ba4
O-O 15. Bxc6 bxc6 16. Nxe5 Re8 17. Bf4 Bd4 18. Nxc6 Bxb2 19. Rb1 Rxe4 20. Be3
Ba3 21. Nxa7 Ng4 22. Rb3 Nxe3 23. Rxe3 Rxc4 24. g3 Bc5 25. Re8+ Kh7 26. Nb5
Rc1+ 27. Kg2 Rc2 28. a4 Rxf2+ 29. Kh3 Ra2 30. Nc3 Rc2 31. Ne2 Ra2 32. Re4 f5
33. Rc4 Be7 34. Nd4 Kg6 35. Nc6 Bf6 36. Nd4 h5 37. Nc2 Kf7 38. Kg2 Ke6 39. Kf3
g5 40. h3 Be5 41. g4 fxg4+ 42. hxg4 h4 43. Ne3 h3 44. Rc1 Rxa4 45. Rh1 h2 46.
Kg2 Bf4 47. Nf1 Ra2+ 48. Kh3 Ke5 49. Nxh2 Rxh2+ 50. Rxh2 Bxh2 51. Kxh2 Kf4 52.
Kh3 Kf3 53. Kh2 Kxg4 54. Kg2 Kf4 55. Kf2 g4 56. Kg2 Kf5 57. Kg3 Kg5 58. Kg2 Kh4
59. Kh2 g3+ 60. Kg2 Kg4 1/2-1/2

[Event "CPA 2018 Zevio"]
[Site "?"]
[Date "2018.01.26"]
[Round "1.18"]
[White "Gallo, Fausto"]
[Black "Leone, Cataldo"]
[Result "1-0"]
[WhiteElo "1440"]
[BlackElo "1600"]
[PlyCount "97"]
[EventDate "2018.??.??"]

1. d4 d5 2. c4 c6 3. Nc3 Nf6 4. Nf3 Bf5 5. e3 h6 6. Be2 e6 7. O-O Be7 8. c5 O-O
9. b4 Nbd7 10. a4 Ne4 11. Nxe4 Bxe4 12. Bd3 Nf6 13. Bxe4 Nxe4 14. Qc2 Ng5 15.
Ne5 Bf6 16. Ng4 Be7 17. Ne5 Rc8 18. Bb2 b6 19. Ba3 bxc5 20. bxc5 f6 21. Nd3 Qc7
22. Rab1 e5 23. Nb4 a5 24. Nd3 exd4 25. exd4 Rfe8 26. Bc1 Ne6 27. Be3 f5 28. f4
Bf6 29. Ne5 Bxe5 30. fxe5 g6 31. Qd2 Rb8 32. Bxh6 Rxb1 33. Rxb1 Rb8 34. Rb2
Rxb2 35. Qxb2 g5 36. Qb6 Qd7 37. Qxa5 Kh7 38. Bxg5 Nxg5 39. Qb6 Ne6 40. a5 Nxd4
41. a6 Qe6 42. Qc7+ Kg6 43. Qd6 Kg5 44. a7 Qc8 45. h4+ Kxh4 46. Qb8 Qa6 47.
a8=Q Qd3 48. Qh8+ Kg4 49. Qh3+ 1-0

[Event "CPA 2018 Zevio"]
[Site "?"]
[Date "2018.01.26"]
[Round "1.19"]
[White "Conati, Kevin"]
[Black "Rausse, Leopoldo"]
[Result "1-0"]
[WhiteElo "1595"]
[BlackElo "1440"]
[PlyCount "79"]
[EventDate "2018.??.??"]

1. e4 e5 2. Nf3 d6 3. Bc4 Nf6 4. Nc3 c6 5. d3 b5 6. Bb3 b4 7. Ne2 h6 8. Bd2 a5
9. c3 c5 10. Ng3 Ba6 11. d4 Nbd7 12. Ba4 Be7 13. dxe5 dxe5 14. Nxe5 Qc7 15. Bf4
Bd6 16. Nxd7 Bxf4 17. Nxf6+ Kf8 18. Nd5 Qe5 19. Nb6 Qe7 20. Nxa8 Bxg3 21. fxg3
Qxe4+ 22. Kf2 Qf5+ 23. Qf3 Qg5 24. Rad1 Bc4 25. Rhe1 g6 26. Qf4 Qxf4+ 27. gxf4
Kg7 28. Nb6 Be6 29. cxb4 axb4 30. b3 h5 31. Bd7 Kf6 32. Bxe6 fxe6 33. Nd7+ Kf5
34. Nxc5 Rc8 35. Rc1 Rd8 36. Rc2 Kxf4 37. Re4+ Kf5 38. Rxb4 e5 39. Rb5 e4 40.
Ke3 1-0

[Event "CPA 2018 Zevio"]
[Site "?"]
[Date "2018.01.26"]
[Round "1.20"]
[White "Pizzamano, Maria"]
[Black "Antolini, Aldo"]
[Result "0-1"]
[WhiteElo "1433"]
[BlackElo "1569"]
[PlyCount "106"]
[EventDate "2018.??.??"]

1. e4 e6 2. d4 d5 3. exd5 exd5 4. Nf3 Be7 5. Bf4 Nf6 6. h3 O-O 7. Bd3 Bb4+ 8.
c3 Re8+ 9. Be5 Bd6 10. O-O Nc6 11. Re1 Be6 12. Qc2 g6 13. Nbd2 Bxe5 14. Nxe5
Nxe5 15. dxe5 Nh5 16. Re3 Ng7 17. Nf3 c5 18. Rd1 Rc8 19. Bc4 d4 20. Bxe6 Nxe6
21. Red3 c4 22. R3d2 d3 23. Qa4 Qb6 24. b3 Nf4 25. Nd4 Rxe5 26. bxc4 Re2 27.
Rxd3 Nxd3 28. Nxe2 Qxf2+ 29. Kh2 Qxe2 30. Rg1 Qe5+ 31. g3 Qe2+ 32. Rg2 Qf3 33.
Qd7 Qc6 34. Qxd3 Qxc4 35. Qxc4 Rxc4 36. Rc2 b5 37. h4 b4 38. Rb2 bxc3 39. Rc2
f5 40. Kg2 Kf7 41. Kf2 Kf6 42. a4 a5 43. Ke3 Re4+ 44. Kf3 Rc4 45. Ke3 Kg7 46.
Kd3 Rxa4 47. Rxc3 Kh6 48. Ke3 Kh5 49. Kf3 Ra1 50. Rc2 a4 51. Rc7 Kh6 52. Kf4 a3
53. Ra7 a2 0-1

[Event "CPA 2018 Zevio"]
[Site "?"]
[Date "2018.01.26"]
[Round "1.21"]
[White "Zonta, Riccardo"]
[Black "Rizzi, Matilde"]
[Result "1/2-1/2"]
[WhiteElo "1562"]
[BlackElo "1404"]
[PlyCount "39"]
[EventDate "2018.??.??"]

1. e4 e5 2. Nc3 Nf6 3. g3 Nc6 4. Bg2 Bc5 5. h3 b6 6. Nge2 Qe7 7. d3 h6 8. O-O
a6 9. a3 Bb7 10. Kh2 O-O 11. f4 Rfe8 12. fxe5 Qxe5 13. Bf4 Qe6 14. Qd2 Rac8 15.
Rae1 Nh5 16. b4 Bd4 17. Be3 Bxe3 18. Qxe3 Ne7 19. Nf4 Nxf4 20. Qxf4 1/2-1/2

[Event "CPA 2018 Zevio"]
[Site "?"]
[Date "2018.01.26"]
[Round "1.22"]
[White "Venturini, Valter"]
[Black "Gallo, Giulio"]
[Result "0-1"]
[WhiteElo "1387"]
[BlackElo "1547"]
[PlyCount "156"]
[EventDate "2018.??.??"]

1. b3 e5 2. Bb2 Nc6 3. e3 d5 4. Bb5 e4 5. Ne2 a6 6. Bxc6+ bxc6 7. Nf4 Nf6 8. h3
Bd6 9. O-O a5 10. Re1 O-O 11. d4 a4 12. a3 Qe7 13. b4 Ba6 14. Nc3 Bc4 15. Nb1
Nd7 16. Nd2 Bb5 17. Nf1 Qg5 18. Qg4 Qxg4 19. hxg4 Nb6 20. Nd2 Nc4 21. Nxc4 Bxc4
22. g3 g6 23. Ng2 Kg7 24. Nf4 Rh8 25. Kg2 Bxf4 26. gxf4 h5 27. Rh1 hxg4 28.
Rxh8 Rxh8 29. Rh1 Rxh1 30. Kxh1 Kh6 31. Kg2 Kh5 32. Kg3 f5 33. Bc1 g5 34. fxg5
Kxg5 35. Bd2 Bb5 36. c3 Bc4 37. Be1 Bb5 38. Kh2 f4 39. exf4+ Kxf4 40. Bd2+ Kf3
41. Kg1 g3 42. fxg3 Kxg3 43. Be1+ Kf3 44. Kh2 Ke2 45. Bg3 Kd3 46. Bxc7 Kxc3 47.
Kg1 Kxd4 48. Kf2 Kd3 49. Bb6 d4 50. Ke1 Kc3 51. Kd1 e3 52. Bc5 e2+ 53. Ke1 d3
54. Be3 Kc4 55. Bd2 Kd4 56. Bc1 c5 57. bxc5 Kxc5 58. Kd2 Kd4 59. Bb2+ Ke4 60.
Bc3 Kf3 61. Ke1 Bd7 62. Bb4 Ke4 63. Bd2 Kd4 64. Bb4 Kc4 65. Kd2 Bf5 66. Bc3
e1=Q+ 67. Kxe1 Kxc3 68. Kd1 d2 69. Ke2 Kc2 70. Kf3 d1=Q+ 71. Kf2 Qd3 72. Ke1
Kb3 73. Kf2 Kxa3 74. Ke1 Kb4 75. Kf2 a3 76. Ke1 a2 77. Kf2 a1=Q 78. Kg2 Qa2+
0-1

[Event "CPA 2018 Zevio"]
[Site "?"]
[Date "2018.01.27"]
[Round "2.2"]
[White "Carli, Carlo"]
[Black "Goldoni, Claudio"]
[Result "1-0"]
[WhiteElo "2060"]
[BlackElo "1984"]
[PlyCount "71"]
[EventDate "2018.??.??"]

1. e4 e5 2. Nf3 Nc6 3. Nc3 Nf6 4. Bb5 Bc5 5. d3 d6 6. h3 a6 7. Ba4 h6 8. O-O b5
9. Bb3 Na5 10. Ne2 Nxb3 11. axb3 O-O 12. Ng3 Kh7 13. c4 Rb8 14. Qc2 g6 15. Be3
Bxe3 16. fxe3 Kg7 17. d4 Qe7 18. d5 Bb7 19. Qd3 Rfc8 20. Rfd1 bxc4 21. bxc4 c6
22. Rd2 cxd5 23. cxd5 Qc7 24. Rf2 Nd7 25. Raf1 f6 26. Nh4 Rg8 27. Qd1 Kh7 28.
Rc2 Qb6 29. Qg4 Qxe3+ 30. Kh2 f5 31. exf5 Qg5 32. fxg6+ Rxg6 33. Qxd7+ Rg7 34.
Qf5+ Qxf5 35. Nhxf5 Rd7 36. Ne4 1-0

[Event "CPA 2018 Zevio"]
[Site "?"]
[Date "2018.01.27"]
[Round "2.4"]
[White "Garonzi, Martino"]
[Black "Oppici, Gabriele"]
[Result "1-0"]
[WhiteElo "2023"]
[BlackElo "1964"]
[PlyCount "115"]
[EventDate "2018.??.??"]

1. d4 d6 2. Bf4 g6 3. Nf3 Bg7 4. c3 Nd7 5. e4 e5 6. Bg5 Ne7 7. Nbd2 O-O 8. Qc2
h6 9. Be3 f5 10. dxe5 f4 11. Bxf4 Rxf4 12. exd6 cxd6 13. Bc4+ Kh8 14. O-O-O Ne5
15. Nxe5 dxe5 16. f3 Qb6 17. Qb3 Qc7 18. h4 Nc6 19. Bd5 Bd7 20. Kb1 Rb8 21. h5
g5 22. Nc4 Ne7 23. Ne3 Bc6 24. Bxc6 bxc6 25. Rd7 Qxd7 26. Qxb8+ Rf8 27. Qb4
Qd3+ 28. Ka1 Qxe3 29. Qxe7 Qd2 30. a3 Rb8 31. Rb1 Qxg2 32. Qxa7 Rf8 33. Rd1
Qxf3 34. Rd7 Qf6 35. Qc5 g4 36. Rd6 Qf1+ 37. Ka2 Qf7+ 38. c4 Qxh5 39. Qxc6 Qg5
40. Rg6 Qf4 41. Qd7 Qf7 42. Qxf7 Rxf7 43. Rxg4 Rf4 44. Rg2 Rxe4 45. Rc2 Rf4 46.
c5 Rf7 47. b4 e4 48. c6 Be5 49. Re2 Rf4 50. Kb3 Rf3+ 51. Kc4 Rxa3 52. Rxe4 Bc7
53. Re8+ Kg7 54. Re7+ Kf6 55. Rxc7 h5 56. Rh7 Kg6 57. Rh8 Ra1 58. Kc5 1-0

[Event "CPA 2018 Zevio"]
[Site "?"]
[Date "2018.01.27"]
[Round "2.5"]
[White "Passon, Stefano"]
[Black "Zenari, Marco"]
[Result "0-1"]
[WhiteElo "1689"]
[BlackElo "2019"]
[PlyCount "22"]
[EventDate "2018.??.??"]

1. d4 Nf6 2. Nf3 g6 3. e3 Bg7 4. Be2 O-O 5. c4 c5 6. O-O cxd4 7. exd4 d5 8.
cxd5 Nxd5 9. Nc3 Nc6 10. Bc4 Be6 11. Re1 Nxc3 0-1

[Event "CPA 2018 Zevio"]
[Site "?"]
[Date "2018.01.27"]
[Round "2.6"]
[White "Marin, Alessandro"]
[Black "Negro, Raffaele"]
[Result "1-0"]
[WhiteElo "1999"]
[BlackElo "1875"]
[PlyCount "89"]
[EventDate "2018.??.??"]

1. e4 e6 2. d3 d5 3. Nd2 Nf6 4. Ngf3 Nc6 5. c3 dxe4 6. dxe4 Bc5 7. Bb5 Bd7 8.
O-O a6 9. Ba4 b5 10. Bc2 e5 11. h3 h6 12. Re1 O-O 13. Nf1 Be6 14. Be3 Qe7 15.
Ng3 Bxe3 16. Rxe3 Rfd8 17. Rd3 Bc4 18. Rd2 g6 19. Qe1 Rxd2 20. Qxd2 Kg7 21. Qe3
Rd8 22. b3 Be6 23. a3 Nd7 24. b4 Nb6 25. a4 Nc4 26. Qe2 f6 27. axb5 axb5 28.
Nf1 Rd6 29. Rd1 Qd7 30. Rxd6 Qxd6 31. Ne3 Ne7 32. Bd3 Nxe3 33. Qxe3 c6 34. Nd2
f5 35. exf5 Nxf5 36. Qe2 Bd5 37. Be4 Bxe4 38. Nxe4 Qd5 39. f3 Nd6 40. Nf2 h5
41. Qe3 Nc4 42. Qa7+ Kf6 43. Ne4+ Kf5 44. Qe7 Qg8 45. Qf6# 1-0

[Event "CPA 2018 Zevio"]
[Site "?"]
[Date "2018.01.27"]
[Round "2.7"]
[White "Bertani, Gianfranco"]
[Black "Magnabosco, Mauro Denis"]
[Result "1-0"]
[WhiteElo "1983"]
[BlackElo "1745"]
[PlyCount "81"]
[EventDate "2018.??.??"]

1. d4 Nf6 2. e3 e6 3. Bd3 c5 4. c3 d5 5. f4 Bd6 6. Nf3 Nc6 7. O-O Ne4 8. Ne5
O-O 9. Nd2 f5 10. Rf3 Bxe5 11. dxe5 b6 12. Qe2 Qe7 13. Rh3 Nxd2 14. Bxd2 a5 15.
g4 g6 16. Be1 Rf7 17. Bh4 Qa7 18. gxf5 exf5 19. Rd1 Be6 20. Rg3 Ne7 21. Bg5 Kf8
22. Bb5 Qc7 23. h4 h5 24. Bh6+ Kg8 25. Qxh5 Rh7 26. Qg5 Rxh6 27. Qxh6 Rf8 28.
h5 Rf7 29. hxg6 Rg7 30. Kf2 Kf8 31. Rh1 Ng8 32. Qg5 Qe7 33. Bd3 Qxg5 34. Rxg5
Ne7 35. Rh8+ Rg8 36. g7+ Kf7 37. Rxg8 Kxg8 38. b3 Bc8 39. c4 dxc4 40. Bxc4+ Kh7
41. g8=Q+ 1-0

[Event "CPA 2018 Zevio"]
[Site "?"]
[Date "2018.01.27"]
[Round "2.8"]
[White "Peloni, Davide"]
[Black "Conati, Kevin"]
[Result "1-0"]
[WhiteElo "1855"]
[BlackElo "1595"]
[PlyCount "39"]
[EventDate "2018.??.??"]

1. e4 c5 2. Nc3 d6 3. f4 Nc6 4. Nf3 g6 5. Bc4 Bg7 6. d3 Nf6 7. h3 Bd7 8. O-O a6
9. a4 Rb8 10. Qe1 O-O 11. Qh4 h5 12. Qg3 e6 13. f5 exf5 14. Qxg6 fxe4 15. Bh6
Ne8 16. Ng5 Qxg5 17. Qxg5 Ne5 18. Nxe4 Nxc4 19. Nf6+ Kh8 20. Bxg7+ 1-0

[Event "CPA 2018 Zevio"]
[Site "?"]
[Date "2018.01.27"]
[Round "2.9"]
[White "Kapllani, Shpetim"]
[Black "Pieropan, Giorgio"]
[Result "0-1"]
[WhiteElo "1631"]
[BlackElo "1851"]
[PlyCount "58"]
[EventDate "2018.??.??"]

1. d4 d5 2. Nf3 c5 3. e3 e6 4. c3 Nc6 5. Bd3 Nf6 6. Nbd2 Be7 7. O-O O-O 8. a3
b6 9. b4 Bb7 10. Re1 Qc7 11. e4 cxd4 12. cxd4 dxe4 13. Nxe4 h6 14. Bb2 Nd5 15.
Ne5 Nxe5 16. dxe5 Rfd8 17. Rc1 Qd7 18. Bb1 Rac8 19. Rxc8 Rxc8 20. Qg4 Kf8 21.
Ba2 Rc2 22. Rb1 Qc7 23. Qd1 Nf4 24. f3 Rxg2+ 25. Kh1 Bxe4 26. fxe4 Qb7 27. Rc1
Rxb2 28. Bb1 Rxb1 29. Rxb1 Qxe4+ 0-1